| 000 | 01045cam a2200253 a 4500 | ||
|---|---|---|---|
| 020 | _a9291151661 (set) | ||
| 020 | _a9291151351 (v. 1) | ||
| 020 | _a9291151491 (v. 2) | ||
| 020 | _a9291151521 (v. 3) | ||
| 040 | _cDLC | ||
| 082 | 0 | 0 | _a577 ICI 2000 C142 Or. |
| 245 | 0 | 0 |
_aGrassland ecology and management in protected areas of Nepal : _bproceedings of a workshop, Royal Bardia National Park, Thakurdwara, Bardia, Nepal, March 15-19, 1999 / |
| 260 |
_aKathmandu : _bInternational Centre for Integrated Mountain Development, _cc2000. |
||
| 300 |
_a3 v. : _bill., col. maps ; _c27 cm. |
||
| 500 | _a"Jointly organized by Department of National Parks and Wildlife Conservation, HMG/Nepal, International Centre for Integrated Mountain Development (ICIMOD), WWF Nepal Programme." | ||
| 650 | 0 | _aGrassland ecology | |
| 650 | 0 | _aGrasslands | |
| 650 | 0 | _aProtected areas | |
| 700 | 1 | _aRichard, C. | |
| 710 | 1 | _aNepal. | |
| 710 | 2 | _aInternational Centre for Integrated Mountain Development. | |
| 710 | 2 | _aWWF Nepal Program. | |
| 942 | _cAEDBB | ||
| 999 |
_c18308 _d18308 |
||